000 00329 a2200169 4500
001 182574
020 _a85-322-0588-7
040 _cMagnum
100 _aAlencar, José de
240 1 0 _aSenhora
_lpor
245 1 0 _aSenhora
300 _a269
362 0 _a1992
440 1 _aFTD
697 _aLITERATURA GERAL
942 _cBK
999 _c182574
_d182574